000 00668cam a2200229 a 4500
001 3488315
005 20250207202627.0
008 940817s1995 paua b 001 0 eng c
020 _a9780874347807
_c$24.95
050 0 0 _aRC582
_b.I464 1995
082 0 0 _a610.73/6
_220
245 0 0 _aImmune disorders.
260 _aSpringhouse, Pa. :
_bSpringhouse,
_cc1995.
300 _aix, 195 p. :
_bill. ;
_c24 cm.
440 0 _aProfessional care guide
500 _aAt head of title: Springhouse.
650 0 _aImmunologic diseases
_xNursing.
650 0 _aNursing care plans.
650 1 2 _aImmunologic Diseases.
710 2 _aSpringhouse Corporation.
942 _2lcc
_cBK
_n0
999 _c3619
_d3619